Alle Länder der EM 2024 - Statistiken

Allgemein
  • Dieses Quiz wurde 482 mal gespielt
  • Das Durchschnittsergebnis liegt bei 22 aus 24
Antwortstatistiken
Gruppe Land % Korrekt
A Deutschland
99%
B Spanien
99%
A Schweiz
98%
C England
96%
D Frankreich
96%
B Italien
96%
D Österreich
96%
F Portugal
96%
A Ungarn
95%
D Niederlande
94%
A Schottland
94%
B Kroatien
93%
C Dänemark
92%
E Belgien
91%
D Polen
91%
F Türkei
91%
B Albanien
90%
E Slowakei
90%
C Slowenien
90%
E Ukraine
89%
F Tschechien
87%
C Serbien
86%
E Rumänien
83%
F Georgien
73%
Keine übereinstimmenden Quizze gefunden
Verteilung der Resultate
Anzahl Personen mit jedem Resultat
Perzentil nach korrekt beantworteten Fragen
Ihre Resultats-Entwicklung
Sie haben dieses Quiz noch nicht gespielt